Wettbewerb im Stromsektor der USA 2: Re-Regulierung der Einzelhandelsebene im Bundesstaat Kalifornien
Salvato in:
| Autore principale: | |
|---|---|
| Natura: | Libro |
| Lingua: | tedesco |
| Pubblicazione: |
Kiel
Institut für Weltwirtschaft
1996
|
| Edizione: | 1. Aufl. |
| Serie: | Kieler Arbeitspapier
Nr. 739 |
| Soggetti: | |
| Tags: |
Nessun Tag, puoi essere il primo ad aggiungerne!!
|
MARC
| LEADER | 00000nam a2200000 4500 | ||
|---|---|---|---|
| 001 | c015449 | ||
| 005 | 20221214072340.7 | ||
| 041 | 0 | |a ger | |
| 044 | |a DE | ||
| 245 | 1 | 0 | |a Wettbewerb im Stromsektor der USA |b 2: Re-Regulierung der Einzelhandelsebene im Bundesstaat Kalifornien |c Lars Kumkar |
| 250 | |a 1. Aufl. | ||
| 264 | 1 | |a Kiel |b Institut für Weltwirtschaft |c 1996 | |
| 300 | |a 100 s. | ||
| 490 | 1 | |a Kieler Arbeitspapier |v Nr. 739 | |
| 830 | 0 | |a Kieler Arbeitspapier |v Nr. 739 | |
| 610 | 2 | 0 | |a elektrina |
| 610 | 2 | 0 | |a energetika |
| 610 | 2 | 0 | |a maloobchod |
| 610 | 2 | 0 | |a regulácia |
| 610 | 2 | 0 | |a konkurencia |
| 610 | 2 | 0 | |a elektroenergetika |
| 610 | 2 | 0 | |a USA |
| 100 | 1 | |a Kumkar, Lars | |